6-7 Eylül 1955 olayları : (Record no. 13546)
[ view plain ]
| 000 -BAŞLIK | |
|---|---|
| Sabit Uzunlukta Kontrol Alanı | 00846nam a2200253 4500 |
| 999 ## - SİSTEM KONTROL NUMARALARI (KOHA) | |
| Koha Biblionumber | 13546 |
| Koha Biblioitemnumber | 13546 |
| 003 - KONTROL NUMARASI IDENTIFIER | |
| Denetim Alanı | MIRAKIL |
| 005 - SON İŞLEM TARİHİ VE ZAMANI | |
| Denetim Alanı | 20191017124824.0 |
| 008 - SABİT-BOY VERİ ELEMANLARI - GENEL BİLGİLER | |
| Sabit Uzunlukta Kontrol Alanı | 191017b tu ||||| |||| 00| 0 tur d |
| 020 ## - ULUSLARARASI STANDART KİTAP NUMARASI | |
| Uluslararası Standart Kitap Numarası | 9786054326211 |
| 040 ## - KATALOGLAMA KAYNAK | |
| Orijinal Kataloglama Ajansı | TR-AnCHP |
| Metne Dönüştürmek Ajansı | TR-AnCHP |
| 041 ## - DİL KODU | |
| Metin / Ses Parça Veya Ayrı Başlığın Dil Kodu | tur |
| 082 ## - DEWEY ONLU SINIFLANDIRMA NUMARASI | |
| Sınıflandırma Numarası | 956.1035092 |
| Ürün Numarası | A47 2010 |
| 245 10 - BAŞLIK TABLOSU | |
| Başlık | 6-7 Eylül 1955 olayları : |
| Başlığın Kalan | tanıklar - hatıralar / |
| Sorumluluk Tablosu, Vb | derleyen: Rıfat N. Bali. |
| 260 ## - YAYIN, DAĞITIM, VB | |
| Yayın, Dağıtım, Vb Yeri | İstanbul: |
| Yayıncı, Dağıtıcı, Vs Adı | Libra Kitapçılık ve Yayıncılık, |
| Yayın, Dağıtım, Vb Tarihi | 2010. |
| Üretici Firma | Sena Ofset. |
| 300 ## - FİZİKSEL TANIM | |
| Kapsam | 356 s.: |
| Boyutlar | 21 sm. |
| 490 0# - SERİSİ TABLOSU | |
| Seri Beyanı | Libra Kitap; |
| -- | Tarih; |
| Hacim / Ardışık Tanımı | 29 |
| -- | 22. |
| 504 ## - KAYNAKÇA VB NOT | |
| Kaynakça Vb Notu | Kaynakça ve dizin vardır. |
| 650 #0 - KONU KATMA GİRİŞ - TOPİKAL DÖNEM | |
| 9 (RLIN) | 4 |
| Topikal Süreli Veya Coğrafi Ad Giriş Elemanı | Türkiye |
| Genel Alt Bölümü | Tarih |
| Kronolojik Alt Bölümü | 6-7 Eylül 1955 |
| 650 #0 - KONU KATMA GİRİŞ - TOPİKAL DÖNEM | |
| 9 (RLIN) | 4 |
| Topikal Süreli Veya Coğrafi Ad Giriş Elemanı | Türkiye |
| Genel Alt Bölümü | 6-7 Eylül olayları |
| -- | Anılar |
| 650 #0 - KONU KATMA GİRİŞ - TOPİKAL DÖNEM | |
| 9 (RLIN) | 157 |
| Topikal Süreli Veya Coğrafi Ad Giriş Elemanı | Azınlıklar |
| Genel Alt Bölümü | Türkiye |
| 700 ## - KATMA GİRİŞ - KİŞİSEL İSİM | |
| 9 (RLIN) | 6025 |
| Kişisel Ad | Bali, Rıfat N. |
| Relator Terim | der. |
| 740 ## - KATMA GİRİŞ - KONTROLSUZ İLGİLİ / ANALİTİK BAŞLIK | |
| Kontrol Edilmeyen / İlgili Analitik Başlıktaki | 6-7 Eylül olayları |
| 942 ## - EKLENDİ GİRİŞ ELEMANLARI (KOHA) | |
| Sınıflandırma Veya Raf Düzeni Kaynak | Dewey Decimal Classification |
| Koha Öğesi Türü | Books |
| Kalıcı Konum | Mevcut Konum | Edinme Tarihi | Toplam Check-Out'Lar | Tam Çağrı Numarası | Barkod | Tarih Son Görülme | İtibaren Geçerli Fiyatlar | Sigara Kamu Notu | Koha Öğesi Türü |
|---|---|---|---|---|---|---|---|---|---|
| CHP Kütüphanesi | CHP Kütüphanesi | 10/17/2019 | 956.1035092 A47 2010 | 011813 | 10/17/2019 | 10/17/2019 | Ertuğrul Çepni bağışıdır. | Books |
